000 00622nam 22001933 4500
001 198135
021 _b6811
090 _a198135
100 _a20250926d u||y0pory50 ba
200 _aGulliver - Viagem a Liliput
_fJonathan Swift
_gilustrações de Rita Cardoso Pires
_gtradução/adaptação de Clara Pinto Correia
205 _a
210 _aLisboa
_cUniversos Mágicos
_d1984
215 _a104, [2] p.
_cbrochado
_d21 cm
606 _91154
_aLiteratura juvenil irlandesa
675 _a821.111(417)-93
_vPT
_zpor
700 _92506
_aSwift
_bJonathan
_f1667-1745
801 _aPT
_bBMMN
_gRPC
830 _cAna Caetano
990 _cLIVROS